| 000 | 00635nam a22001937a 4500 | ||
|---|---|---|---|
| 003 | OSt | ||
| 005 | 20250704064833.0 | ||
| 008 | 250704b |||||||| |||| 00| 0 eng d | ||
| 020 | _a978-621-478-080-8 | ||
| 040 |
_aDWC - Main Lib _cOC |
||
| 082 | _aFil. 658.8 M438c 2024 | ||
| 100 | _aMatthews, Angelo S. | ||
| 245 |
_aA comprehensive guide to business marketing/ _cAngelo S. Matthews |
||
| 260 |
_aManila, Philippines: _bEDRIC Publlishing House, _cc2024. |
||
| 300 |
_a121 pages: _billustrations; _c21 cm. |
||
| 504 | _aIncludes appendix and bibliographical references. | ||
| 650 | _a1. Marketing. | ||
| 942 |
_2ddc _cBK - FIL _kFil. _n0 |
||
| 999 |
_c3390 _d3390 |
||